01956cam a22002655a 4500999001700000005001700017008004100034020001800075040005000093082002000143100003500163245007800198260005200276300003500328500003300363504005100396505037600447520058900823650006301412651001001475653003901485700001701524942000801541952014101549 c26854d2682620181017105848.0091030s2003 enka frb 001 0 eng d a9780521131704 aStDuBDSbengcStDuBDSdUkdEG-ScBUEdEG-ScBUE04a005.72bHUF2221 aHuffman, W. C.q(William Cary)10aFundamentals of error-correcting codes /cW. Cary Huffman and Vera Pless. aCambridge :bCambridge University Press,c2003. axvii, 646 p. :bill. ;c24 cm. aOriginally published : 2003. aIncludes bibliographical references and index.0 aBasic concepts of linear codes -- Bounds on the size of codes -- Finite fields -- Cyclic codes -- BCH and Reed-Solomon codes -- Duadic codes -- Weight distributions -- Designs -- Self-dual codes -- Some favorite self-dual codes -- Covering radius and cosets -- Codes over Z4 -- Codes from algebraic geometry -- Convolutional codes -- Soft decision and iterative decoding. aFundamentals of Error Correcting Codes is an in-depth introduction to coding theory from both an engineering and mathematical viewpoint. As well as covering classical topics, there is much coverage of techniques which could only be found in specialist journals and book publications. Numerous exercises and examples and an accessible writing style make this a lucid and effective introduction to coding theory for advanced undergraduate and graduate students, researchers and engineers, whether approaching the subject from a mathematical, engineering or computer science background.  7aError-correcting codes (Information theory).2BUEsh936907 2BUEsh bENGELCcSeptember2018cOctober20181 aPless, Vera. 2ddc 00102ddc40708BaccahaMAINbMAINcLOWd2018-09-24ePurchaseg427.00h21201l0o005.72 HUFp000043220r2025-07-15 00:00:00v534.00yBB